000
00314nam a2200109Ia 4500
008
171211s9999 xx 000 0 und d
245
4
_a
The Life and Work of Francis Willey Kelsey
245
_c
John Griffiths Pedley
260
_c
2011
650
_x
Biography
856
_u
http://down.ebook777.com/064/0472118021.pdf
999
_c
349898
_d
349898